000 00523nam a22001577a 4500
999 _c527457
_d527457
020 _qHBK.
082 _a658
100 _aRaza, Mohsin Ali
245 _aTo Study Whether Jingle Ads or Avatar Ads Create More Impact on Children Purchase Intention in Pakistan /
_cMohsin Ali Raza.
260 _aIslamabad:
_bNBS - NUST,
_c2016.
300 _a81 p. : ill. ;
_c30cm.
942 _2ddc
_cTHE
650 _aMBA Thesis.
_917629
700 _aMr. Bilal Ahmed Chohan.
_918188